Deutsche Städte mit A - Statistiken

Allgemein
  • Dieses Quiz wurde 148 mal gespielt
  • Das Durchschnittsergebnis liegt bei 4 aus 8
Antwortstatistiken
Hint Antwort % Korrekt
BY Augsburg
96%
NRW Aachen
82%
BY Aschaffenburg
65%
BW Aalen
63%
BY Amberg
42%
BY Ansbach
40%
SN Annaberg
12%
SN Auerbach
5%
Keine übereinstimmenden Quizze gefunden
Verteilung der Resultate
Anzahl Personen mit jedem Resultat
Perzentil nach korrekt beantworteten Fragen
Ihre Resultats-Entwicklung
Sie haben dieses Quiz noch nicht gespielt